000 00718nam a22002177a 4500
003 UA-OsUOA
001 37777
007 ta
008 20070516b un ||||| |||| 00| 0 ukr d
090 _a94(477).152
_bН28
942 _cBK
040 _aUA-OsUOA
_bukr
_cUA-OsUOA
_dUA-OsUOA
245 _aНарис Історії Матірного Товариства Просвіти і огляд просвітних товариств у Канаді
300 _a309 с.
955 _a1
041 _aukr
080 _a94(477).152
260 _aВінніпег
_bУкраїнська Читальня "Просвіта"
_c1968
650 7 _a9 Географія. Біографії. Історія
_2UDC
999 _c436308
_d436308